书目信息 |
| 题名: |
科学社会主义
|
|
| 作者: | ;九校《科学社会主义》编写组 | |
| 分册: | ||
| 出版信息: | 1980 |
|
| 页数: | 72页 | |
| 开本: | 20cm | |
| 丛书名: | ||
| 单 册: | ||
| 中图分类: | D0-0 | |
| 科图分类: | ||
| 主题词: | 科学社会主义理论 , 共产主义运动--理论 | |
| 电子资源: | ||
| ISBN: | ||
| 000 | 00652nam0 2200205 450 | |
| 001 | 0630846703 | |
| 005 | 20060816171646.98 | |
| 010 | @dCNY0.30 | |
| 100 | @a20060802d1980 km y0chiy0120 ea | |
| 101 | 0 | @achi |
| 200 | 1 | @a科学社会主义@e讲授纳要@Ake xue she hui zhu yi@f九校《科学社会主义》编写组@Fjiu xiao《ke xue she hui zhu yi》bian xie zu |
| 210 | @d1980 | |
| 215 | @a72页@d20cm | |
| 517 | 1 | @a讲授纳要@Ajiang shou na yao |
| 606 | 0 | @a科学社会主义理论 |
| 606 | 0 | @a共产主义运动@x理论 |
| 690 | @aD0-0@v3 | |
| 711 | 0 | @a九校《科学社会主义》编写组@Ajiu xiao《ke xue she hui zhu yi》bian xie zu |
| 801 | 0 | @aCN@bPFT@c20060816 |
| 905 | @a10447@dD0-0@e122 | |
| 科学社会主义:讲授纳要/九校《科学社会主义》编写组.-1980 |
| 72页;20cm |
| ISBN :CNY0.30 |
| ● |
| 相关链接 |
|
|
|
|
正题名:科学社会主义
索取号:D0-0/122
 
预约/预借
| 序号 | 登录号 | 条形码 | 馆藏地/架位号 | 状态 | 备注 |
| 1 | 0441608 | 204416088 | 密集书库/ [索取号:D0-0/122] | 在馆 | |
| 2 | 0465101 | 204651019 | 密集书库/ [索取号:D0-0/122] | 在馆 |